000 00403nam a22001697a 4500
003 NUST - PNEC
005 20170116180842.0
008 150822b xxu||||| |||| 00| 0 eng d
020 _a8123907664
040 _cLIBRARY
082 _a540 BHA
100 _95412
_aBhatia, S. C
245 _aEngineering chemistry
_cS. C,Bhatia
260 _cc 2001
650 _95414
_achemistry
_xME
942 _2ddc
_cBK
999 _c64430
_d64430